Kỹ thuật chăn nuôi gia cầm ( Nuôi gà )

שמור ב:
מידע ביבליוגרפי
מחבר ראשי: Trần Trung Vĩnh
מחברים אחרים: Nguyễn Mộng Giao
פורמט: ספר
יצא לאור: Đà Nẵng Đà Nẵng 2002
נושאים:
תגים: הוספת תג
אין תגיות, היה/י הראשונ/ה לתייג את הרשומה!
Thư viện lưu trữ: Trung tâm Học liệu Lê Vũ Hùng, Trường Đại học Đồng Tháp
LEADER 00748pam a22002298a 4500
001 00015965
005 20171026081022.0
008 110401s2002 ||||||Viesd
020 |c 12000 
041 0 # |a Vie 
082 1 4 |a 636.5  |b K600TH 
100 0 # |a Trần Trung Vĩnh 
245 0 0 |a Kỹ thuật chăn nuôi gia cầm  |b ( Nuôi gà )  |c Trần Trung Vĩnh, Nguyễn Mộng Giao 
260 # # |a Đà Nẵng  |b Đà Nẵng  |c 2002 
300 # # |a 142 tr.  |c 19 cm. 
650 # 4 |a Chăn nuôi gia cầm 
653 # # |a Gà 
700 0 # |a Nguyễn Mộng Giao 
852 # # |b Kho đọc  |j KD.0001311 
852 # # |j KD.0001311 
910 |d 01/04/2011 
980 # # |a Trung tâm Học liệu Lê Vũ Hùng, Trường Đại học Đồng Tháp